Most Streamed R&B Artists On Spotify - Statistics

General Stats
  • This quiz has been taken 87 times
  • The average score is 5 of 16
Answer Stats
# Artist Streams % Correct
4 SZA 21.1B
60%
2 Beyoncé 24.7B
55%
7 Usher 9.4B
48%
3 Chris Brown 21.7B
45%
10 Bryson Tiller 7.2B
38%
5 Frank Ocean 14.1B
38%
11 Brent Faiyaz 7.0B
34%
13 Summer Walker 6.8B
30%
16 PARTYNEXTDOOR 6.2B
23%
8 Mariah Carey 9.2B
21%
14 Ne-Yo 6.7B
17%
12 Daniel Caesar 6.8B
16%
1 Khalid 26.8B
13%
9 Kali Uchis 7.3B
12%
15 Miguel 6.6B
9%
6 Joji 10.4B
0%
No matching quizzes found
Score Distribution
Percent of People with Each Score
Percentile by Number Answered
Your Score History
You have not taken this quiz